00996nam a22002777a 45000010005000000030006000050050017000110080041000280200018000690400029000870500013001160820011001291000035001402450116001752500041002912600036003323000045003684900024004135050007004375200127004445210018005715210018005896500039006076500035006467000037006817253FISKH20250704112129.0250704b cb ||||| |||| 00| 0 eng d a9780064441032 aFISKHbengcFISKHdFISKH aPZ7.S4 T a 398.2 aSchwartz, Alvind(1927–1992) aThere is a Carrot in my ear and other Noodle tales /cRetold by Alvin Schwartz ; Pictures by Karen Ann Weinhaus aThis edition first published in 1982 aNew York :bHarperTrophy,c1982 a64 pages :bcolor illustrations ;c23 cm aPres gradevLevel 1 aG  aA collection of six stories about a family of silly people, based on noodle folklore from America, Europe, and Asia Minor 8 a380 bLexile 8 aG bRaz-Plus  2Humorous storiesaBeginning reader 2 Alvin SchwartzaFunny stories aWeinhaus, Ann Karendillustrator